Γεωγραφία ηπείρων : Στ' δημοτικού

Saved in:
Bibliographic Details
Main Author: Κωστόπουλος, Αριστοτέλης Χρ
Other Authors: Κωτουλοπούλου-Κωστοπούλου, Βικτωρία
Format: Book
Language:Greek
Published: Αθήνα : Ο.Ε.Δ.Β., [19--]
Subjects:
Tags: Add Tag
No Tags, Be the first to tag this record!

MARC

LEADER 00000nam a2200000 i 4500
001 1/76000
008 960521q19701986 gre d
035 |a 1986  |b 3  |c Αγορά/Τσιάκαλος  |l 10032280 
040 |a GR-MY-UA  |b gre  |e aacr 
041 0 |a gre 
082 0 |a 372.891 
100 1 |a Κωστόπουλος, Αριστοτέλης Χρ. 
245 1 0 |a Γεωγραφία ηπείρων :  |b Στ' δημοτικού /  |c Αριστοτέλη Χρ. Κωστόπουλου, Βικτωρίας Κωτουλοπούλου-Κωστοπούλου 
260 |a Αθήνα :   |b Ο.Ε.Δ.Β.,   |c [19--] 
300 |a 190 Σ. 
650 0 0 |a Geography  |x Study and teaching (Elementary) 
700 1 |a Κωτουλοπούλου-Κωστοπούλου, Βικτωρία. 
852 |a INST  |b RHODES  |e 19960521  |h 372.891 ΚΩΣ  |p 005400001383  |q 005400001383  |t BK  |y 620 
852 |a INST  |b RHODES  |e 19960521  |h 372.891 ΚΩΣ  |p 005400001384  |q 005400001384  |t BK  |y 0 
852 |a INST  |b RHODES  |e 19960521  |h 372.891 ΚΩΣ  |p 005400001385  |q 005400001385  |t BK  |y 620 
852 |a INST  |b RHODES  |e 19960521  |h 372.891 ΚΩΣ  |p 005400001386  |q 005400001386  |t BK  |y 620 
852 |a INST  |b RHODES  |e 19960521  |h 372.891 ΚΩΣ  |p 005400001387  |q 005400001387  |t BK  |y 620 
852 |a INST  |b RHODES  |e 19960521  |h 372.891 ΚΩΣ  |p 005400001388  |q 005400001388  |t BK  |y 620 
852 |a INST  |b RHODES  |e 19960521  |h 372.891 ΚΩΣ  |p 005400001389  |q 005400001389  |t BK  |y 620 
909 |a Ρ  |b 014198  |c 1986 
909 |a Ρ  |b 014197  |c 1986 
909 |a Ρ  |b 014196  |c 1986 
909 |a Ρ  |b 014195  |c 1986 
909 |a Ρ  |b 014194  |c 1986 
909 |a Ρ  |b 014193  |c 1986 
909 |a Ρ  |b 004944  |c 1986